| 000 | 00705nam a22001817a 4500 | ||
|---|---|---|---|
| 005 | 20170606171313.0 | ||
| 020 |
_a818743354X _c670.00 |
||
| 020 |
_a9788187433545 _c670.00 |
||
| 035 | _aB-593924 | ||
| 037 |
_adpl _bPansy Books |
||
| 100 | _aRamamrutham, S. | ||
| 245 |
_aStrength of Materials: _bfor engineering degree, diploma and A.M.I.E. students/ _cby S.Ramamrutham [and] R. Narayanan |
||
| 260 |
_aNew Delhi _bDhanpat Rai Publishing Co. _c2014 |
||
| 270 |
_a4779/23, Ansari Road, Darya Ganj _bNew Delhi _e110002 |
||
| 300 |
_a1383p.: _bill. _c27cm(pbk) |
||
| 942 |
_2ddc _cEN _mRAM |
||
| 999 |
_c91612 _d91612 |
||